BIBLIOTECA

SENCICO

Bibliotecas de cocinas y baños : accesorios para cocinas y baños (Registro nro. 2000)

Detalles MARC
000 -LEADER
fixed length control field 00735nam a2200205Ia 4500
005 - DATE AND TIME OF LATEST TRANSACTION
control field 20251020182529.0
008 - FIXED-LENGTH DATA ELEMENTS--GENERAL INFORMATION
fixed length control field 200515s9999 xx 000 0 und d
082 ## - DEWEY DECIMAL CLASSIFICATION NUMBER
Classification number 696.1/E24
245 #0 - TITLE STATEMENT
Title Bibliotecas de cocinas y baños : accesorios para cocinas y baños
260 ## - PUBLICATION, DISTRIBUTION, ETC.
Place of publication, distribution, etc. Málaga
260 ## - PUBLICATION, DISTRIBUTION, ETC.
Date of publication, distribution, etc. 199?
300 ## - PHYSICAL DESCRIPTION
Extent Ediciones Daly
500 ## - GENERAL NOTE
General note 1 ejemplar
520 ## - SUMMARY, ETC.
Summary, etc. Enumera las novedades lanzadas al mercado por los mas prestigiosos fabricantes europeos, en todo lo referente a accesorios para cocinas y baños. Mobiliario en general, puertas, regletas, placas, sanitarios, accesorios para baños, grifos, y duchas, desfila
650 ## - SUBJECT ADDED ENTRY--TOPICAL TERM
Topical term or geographic name entry element ACCESORIOS
650 ## - SUBJECT ADDED ENTRY--TOPICAL TERM
Topical term or geographic name entry element BAÑOS
650 ## - SUBJECT ADDED ENTRY--TOPICAL TERM
Topical term or geographic name entry element COCINAS
650 ## - SUBJECT ADDED ENTRY--TOPICAL TERM
Topical term or geographic name entry element LIB
942 ## - ADDED ENTRY ELEMENTS (KOHA)
Koha item type Libros
Existencias
Fecha de la última vez que lo usaron Pago total Signatura topográfica completa Código de barras Precio efectivo desde Tipo de documento Estado perdido Estado dañado No es para préstamo Retirado Ubicación permanente Ubicación actual Fecha de adquisición
15/05/2020   696.1/E24 Bib-Lima15052000 15/05/2020 Libros         Biblioteca Central Lima Biblioteca Central Lima 15/05/2020